01540nam a2200301 u 4500001001000000003000900010005001700019007000300036008004100039020001500080040002500095041001300120082002400133110012800157245022900285246012300514246010700637260009700744300003500841500003500876500002600911500004300937600006100980600007401041650005001115700003401165700003901199000003260DO-SdBNP20220401141637.0ta090707s2006 dr ac 000 0 spa d a9945433016 aDO-SdBNPbspacBNPHU17aspa2eng 4a327.7293bR426p2221 aRepública Dominicana.bPresidencia de la República. Dirección de Información, Prensa y Publicidad de la Presidencia10aVisita oficial al Reino Unido de Gran Bretaña e Irlanda del Norte del Dr. Leonel Fernández Reyna =bOfficial visit or Dr. Leonel Fernández Reyna president of the Domninican Republic to the United Kingdom and Northern /1 aOfficial visit or Dr. Leonel Fernández Reyna president of the Domninican Republic to the United Kingdom and Northern14aLa búsqueda del progreso :bVisita presidencial al Reino Unido de Gran Bretaña e Irlanda del Norte aSanto Domingo :bDirección de Información, Prensa y Publicidad de la Presidencia,c2006. a39 p. :bil., retrs. ;c24 cm. aTexto en español e inglés. aTexto a dos columnas. aGobierno constitucional 2004 - 2008. 10aFernandez, Leonel, xVisitas de estado zGran Bretaña 14aFERNANDEZ REYNA, LEONEL ANTONIOxVISITAS DE ESTADOzIRLANDA DEL NORTE 4aRepública dominicanaxRelaciones exteriores aMedina, ManoloeFotografías aMartínez, Pedro Ängel eTextos